[Event "TUR Cup"]
[Site "Denizli"]
[Date "2023.07.21"]
[Round "8"]
[White "Ererdem, Gani Eren"]
[Black "Isik, Esref"]
[Result "1-0"]
[WhiteElo "2065"]
[BlackElo "1920"]
[PlyCount "63"]
[EventDate "2023.07.16"]
[EventType "team-tourn"]
[EventRounds "9"]
[EventCountry "TUR"]
[SourceTitle "CBM 215 Extra"]
[Source "ChessBase"]
[SourceDate "2023.09.30"]
[SourceVersion "1"]
[SourceVersionDate "2023.09.30"]
[SourceQuality "1"]

1. d4 d5 2. Nf3 Nf6 3. e3 c5 4. dxc5 Qa5+ 5. Nbd2 Bg4 6. a3 Qxc5 7. b4 Qd6 8. c4 dxc4 9. Bxc4 e6 10. h3 Bh5 11. Bb2 Nbd7 12. Qa4 Nd5 13. Ne4 Qe7 14. Bxd5 exd5 15. Nc3 Bxf3 16. gxf3 Qf6 17. Rd1 Qxf3 18. Rg1 Qxh3 19. Nxd5 0-0-0 20. Qxa7 Qh2 21. Qa8+ Qb8 22. Rc1+ Bc5 23. Qxb8+ Kxb8 24. bxc5 f6 25. Rxg7 Ne5 26. Bxe5+ fxe5 27. Nf6 Rc8 28. Nd7+ Ka7 29. Nxe5 Rce8 30. f4 Ka6 31. Rb1 Rb8 32. Rb6+ 1-0

[Event "Istanbul Redbull Masters"]
[Site "Istanbul"]
[Date "2019.11.24"]
[Round "4.11"]
[White "Tofan, Ismail"]
[Black "Isik, Esref"]
[Result "1-0"]
[WhiteElo "1685"]
[BlackElo "1920"]
[PlyCount "117"]
[EventDate "2019.11.23"]
[EventType "k.o."]
[EventRounds "8"]
[EventCountry "TUR"]
[SourceTitle "CBM 193 Extra"]
[Source "ChessBase"]
[SourceDate "2020.01.31"]
[SourceVersion "1"]
[SourceVersionDate "2020.01.31"]
[SourceQuality "1"]

1. Nf3 c5 2. b3 Nf6 3. e3 e6 4. Be2 d5 5. 0-0 Be7 6. Bb2 0-0 7. d4 b6 8. Nbd2 Bb7 9. Ne5 Nc6 10. f4 cxd4 11. exd4 Rc8 12. a3 Nd7 13. Bd3 Ndxe5 14. fxe5 f6 15. Qh5 f5 16. Nf3 Qe8 17. Qh3 g6 18. Bc1 Qd8 19. Qh6 Rc7 20. c4 Na5 21. cxd5 Bxd5 22. Ng5 Bxg5 23. Bxg5 Qd7 24. Rac1 Rfc8 25. Rxc7 Rxc7 26. h4 Rc3 27. Be2 Bxb3 28. h5 Qxd4+ 29. Kh1 Bd5 30. hxg6 Bxg2+ 31. Kxg2 Qe4+ 32. Bf3 Rc2+ 33. Kg3 Qxe5+ 34. Bf4 Qg7 35. Qxh7+ Qxh7 36. gxh7+ Kxh7 37. Rh1+ Kg7 38. Be5+ Kg6 39. Bh5+ Kg5 40. Bf7 f4+ 41. Bxf4+ Kf6 42. Be8 Rc3+ 43. Kg4 Rxa3 44. Bd6 Rd3 45. Rh6+ Kg7 46. Rg6+ Kh7 47. Be5 Nc4 48. Rg7+ Kh6 49. Rg6+ Kh7 50. Ba1 Ne3+ 51. Kf4 Nd5+ 52. Ke4 Ra3 53. Rg1 Nf6+ 54. Bxf6 Rh3 55. Ke5 Re3+ 56. Kd6 Rh3 57. Ke7 a5 58. Bg6+ Kh6 59. Kf7 1-0

[Event "TUR-chT2"]
[Site "Konya"]
[Date "2018.07.13"]
[Round "6.9"]
[White "Guctekin, Nuri"]
[Black "Isik, Esref"]
[Result "1-0"]
[WhiteElo "2094"]
[BlackElo "1909"]
[PlyCount "57"]
[EventDate "2018.07.10"]
[EventType "team-swiss"]
[EventRounds "9"]
[EventCountry "TUR"]
[SourceTitle "EXT 2019"]
[Source "ChessBase"]
[SourceDate "2018.10.10"]
[SourceVersion "1"]
[SourceVersionDate "2018.10.10"]
[SourceQuality "1"]
[WhiteTeam "Derince Turgut"]
[BlackTeam "Elazig Genclik"]
[WhiteTeamCountry "TUR"]
[BlackTeamCountry "TUR"]

1. Nf3 c5 2. c4 g6 3. g3 Bg7 4. Bg2 Nf6 5. Nc3 Nc6 6. d4 cxd4 7. Nxd4 a6 8. 0-0 Qc7 9. e4 e5 10. Nc2 Ne7 11. Ne3 0-0 12. b3 d6 13. Ba3 Rd8 14. Rc1 Be6 15. Ncd5 Bxd5 16. cxd5 Qb8 17. Qd2 b5 18. Qa5 Ra7 19. Rc3 Rc8 20. Rxc8+ Qxc8 21. Bxd6 Ne8 22. Ba3 Qd7 23. Rc1 f5 24. Bxe7 Qxe7 25. exf5 gxf5 26. Nxf5 Qg5 27. Ne3 Nd6 28. Qb6 Qe7 29. Rc6 1-0

[Event "Ordu op 4th"]
[Site "Ordu"]
[Date "2018.04.10"]
[Round "2"]
[White "Mammadov, Zaur Fazahir Oglu"]
[Black "Isik, Esref"]
[Result "1/2-1/2"]
[WhiteElo "2454"]
[BlackElo "1824"]
[PlyCount "162"]
[EventDate "2018.04.10"]
[EventType "swiss"]
[EventRounds "9"]
[EventCountry "TUR"]
[SourceTitle "CBM 183 Extra"]
[Source "ChessBase"]
[SourceDate "2018.04.19"]
[SourceVersion "1"]
[SourceVersionDate "2018.04.19"]
[SourceQuality "1"]

1. e4 c5 2. c3 d5 3. exd5 Qxd5 4. d4 Nf6 5. Nf3 cxd4 6. cxd4 e5 7. Nc3 Bb4 8. Bd2 Bxc3 9. Bxc3 exd4 10. Bxd4 Qe6+ 11. Be2 h6 12. Bc5 Qd5 13. Qxd5 Nxd5 14. 0-0 Nc6 15. Rfe1 Be6 16. Rac1 Nf4 17. Bf1 Rd8 18. Rc3 Nd5 19. Rb3 Rd7 20. Ne5 Nxe5 21. Rxe5 b6 22. Ba3 Nc7 23. Rg3 f6 24. Re1 Kf7 25. Be2 Bf5 26. Re3 Rhd8 27. Re7+ Rxe7 28. Bh5+ Bg6 29. Rxe7+ Kg8 30. Be2 Nb5 31. Bb4 Nd4 32. Bc4+ Kh7 33. Bc3 b5 34. Bf1 b4 35. Be1 a5 36. f4 Nf5 37. Re2 Rd1 38. Kf2 Bf7 39. b3 Nd6 40. g4 h5 41. h3 hxg4 42. hxg4 Bd5 43. Bh3 Rd4 44. f5 Kh6 45. Re7 Ne4+ 46. Ke2 Ng5 47. Bf2 Re4+ 48. Rxe4 Bxe4 49. Be3 g6 50. Kd2 gxf5 51. gxf5 Kh5 52. Bf1 Nf3+ 53. Kc1 Bxf5 54. Bb6 Ne5 55. Bxa5 Nc6 56. Bc7 Be4 57. Bb5 Kg4 58. Bd6 f5 59. Bxc6 Bxc6 60. Bxb4 f4 61. Kd2 Bd5 62. Kd3 Bf7 63. Be1 Kf3 64. Bh4 Kg4 65. Bf2 Kf3 66. Bc5 Kg2 67. Kc3 f3 68. a4 f2 69. Bxf2 Kxf2 70. a5 Ke3 71. a6 Ke4 72. Kb4 Kd4 73. a7 Bd5 74. Kb5 Ba8 75. b4 Kd5 76. Kb6 Kd6 77. b5 Kd7 78. Ka6 Kc7 79. b6+ Kc6 80. b7 Bxb7+ 81. Ka5 Kd5 1/2-1/2

[Event "TUR-chT2"]
[Site "Konya"]
[Date "2017.07.12"]
[Round "6.15"]
[White "Isik, Esref"]
[Black "Alaca, Ali"]
[Result "0-1"]
[WhiteElo "1778"]
[BlackElo "1971"]
[PlyCount "80"]
[EventDate "2017.07.09"]
[EventType "team-swiss"]
[EventRounds "9"]
[EventCountry "TUR"]
[SourceTitle "CBM 179 Extra"]
[Source "ChessBase"]
[SourceDate "2017.08.23"]
[SourceVersion "1"]
[SourceVersionDate "2017.08.23"]
[SourceQuality "1"]
[WhiteTeam "Genclik Elazig"]
[BlackTeam "Genclik Il Mudurlugu"]
[WhiteTeamCountry "TUR"]
[BlackTeamCountry "TUR"]

1. e4 c5 2. Nf3 d6 3. d4 cxd4 4. Nxd4 Nf6 5. Nc3 a6 6. Bg5 Nbd7 7. f4 b5 8. a3 Bb7 9. Qf3 Rc8 10. Bd3 e6 11. 0-0-0 Rxc3 12. bxc3 Qc7 13. Kd2 Nc5 14. Bxf6 gxf6 15. Nb3 Na4 16. f5 Bh6+ 17. Ke1 Qxc3+ 18. Kf2 Qe5 19. Rde1 Rg8 20. g3 Rg5 21. fxe6 fxe6 22. Rhf1 f5 23. Kg1 Rg4 24. Qf2 Kd8 25. Na5 Ba8 26. Qa7 Qc5+ 27. Qxc5 Nxc5 28. exf5 e5 29. Nb3 Nd7 30. Kf2 Nf6 31. h3 Ra4 32. Ra1 e4 33. Be2 e3+ 34. Kg1 Bg7 35. g4 Ne4 36. Rae1 Bc3 37. Bf3 Bxe1 38. Rxe1 d5 39. Rxe3 Rxa3 40. Rd3 Ke7 0-1

[Event "TUR Cup"]
[Site "Antalya"]
[Date "2017.01.31"]
[Round "6"]
[White "Isik, Esref"]
[Black "Koc, Aylin"]
[Result "1-0"]
[WhiteElo "1813"]
[BlackElo "1460"]
[PlyCount "85"]
[EventDate "2017.01.28"]
[EventType "swiss"]
[EventRounds "11"]
[EventCountry "TUR"]
[SourceTitle "CBM 176 Extra"]
[Source "ChessBase"]
[SourceDate "2017.03.02"]
[SourceVersion "1"]
[SourceVersionDate "2017.03.02"]
[SourceQuality "1"]

1. e4 e5 2. Nf3 Nc6 3. Bc4 Bc5 4. c3 Nf6 5. d4 exd4 6. cxd4 Bb4+ 7. Nc3 Nxe4 8. 0-0 Bxc3 9. d5 Bf6 10. Re1 Ne7 11. Rxe4 d6 12. Bg5 Bxg5 13. Nxg5 0-0 14. Nxh7 Kxh7 15. Qh5+ Kg8 16. Rh4 f5 17. Re1 Ng6 18. Rh3 Qf6 19. Re6 Bxe6 20. dxe6 Rad8 21. e7+ d5 22. exd8Q Rxd8 23. Bd3 Re8 24. g3 Re1+ 25. Kg2 Re5 26. Qh7+ Kf7 27. Rh5 Ne7 28. Rh4 c5 29. b3 d4 30. Qh8 Ng6 31. Qh5 Kf8 32. Rh3 Qc6+ 33. f3 Qe6 34. f4 Rd5 35. Qf3 Rd7 36. Rh5 Ne7 37. Rh8+ Kf7 38. Qh5+ Qg6 39. Bc4+ Nd5 40. Rf8+ Kxf8 41. Qxg6 d3 42. Qxf5+ Nf6 43. Bxd3 1-0

[Event "TUR Cup"]
[Site "Antalya"]
[Date "2017.01.28"]
[Round "1"]
[White "Polat, Ali Gorkem"]
[Black "Isik, Esref"]
[Result "0-1"]
[WhiteElo "1321"]
[BlackElo "1813"]
[PlyCount "94"]
[EventDate "2017.01.28"]
[EventType "swiss"]
[EventRounds "11"]
[EventCountry "TUR"]
[SourceTitle "CBM 176 Extra"]
[Source "ChessBase"]
[SourceDate "2017.03.02"]
[SourceVersion "1"]
[SourceVersionDate "2017.03.02"]
[SourceQuality "1"]

1. e4 c5 2. Nc3 Nc6 3. g3 g6 4. Bg2 Bg7 5. Nge2 e6 6. d3 Nge7 7. Be3 Nd4 8. Qd2 0-0 9. Nd1 Nec6 10. c3 Nxe2 11. Qxe2 b6 12. 0-0 d5 13. f4 d4 14. Bd2 Ba6 15. c4 Rc8 16. e5 b5 17. b3 Qd7 18. Nf2 Nd8 19. Ne4 bxc4 20. bxc4 Kh8 21. Nd6 Rb8 22. Rab1 Nb7 23. Nb5 Nd8 24. a4 f6 25. exf6 Bxf6 26. Qd1 Nf7 27. Qc2 Bb7 28. Bxb7 Rxb7 29. a5 a6 30. Na3 Rfb8 31. Rxb7 Rxb7 32. Rb1 Nd6 33. Rb2 Bd8 34. Qb1 Rxb2 35. Qxb2 Qb7 36. Qa2 Qf3 37. Qb1 Nb7 38. Qe1 Qxd3 39. Qe5+ Kg8 40. Qxe6+ Kf8 41. Qxa6 Qxd2 42. Qxb7 Qxa5 43. Nb5 Qe1+ 44. Kg2 Qe2+ 45. Kh3 Qf1+ 46. Qg2 Qxc4 47. Nd6 Qe6+ 0-1

[Event "Manavgat Turkey Cup"]
[Site "Manavgat"]
[Date "2016.01.31"]
[Round "3"]
[White "Isik, Esref"]
[Black "Barik, Ertunc Bahadir"]
[Result "1-0"]
[WhiteElo "1739"]
[BlackElo "1566"]
[PlyCount "79"]
[EventDate "2016.01.30"]
[EventType "swiss"]
[EventRounds "11"]
[EventCountry "TUR"]
[SourceTitle "CBM 170 Extra"]
[Source "ChessBase"]
[SourceDate "2016.02.25"]
[SourceVersion "1"]
[SourceVersionDate "2016.02.25"]
[SourceQuality "1"]

1. e4 c5 2. Nf3 Nc6 3. d4 cxd4 4. Nxd4 d6 5. c4 Nf6 6. Nc3 Qa5 7. Nb3 Qc7 8. Be2 a6 9. Be3 e6 10. 0-0 Be7 11. f4 0-0 12. Rc1 b6 13. Qe1 Bb7 14. Qg3 Nd8 15. Bf3 Kh8 16. e5 dxe5 17. fxe5 Nd7 18. Bxb7 Nxb7 19. Bf4 Qxc4 20. Rfd1 Bc5+ 21. Kh1 Rad8 22. Qf3 Na5 23. Ne4 Qb5 24. Nbxc5 bxc5 25. Ng5 h6 26. Qh5 Kg8 27. Ne4 f5 28. exf6 Qxb2 29. Qg6 Nxf6 30. Nxc5 Rxd1+ 31. Rxd1 Qe2 32. Rc1 Nh5 33. Nxe6 Nc4 34. Nxf8 Nxf4 35. Qh7+ Kxf8 36. Qf5+ Ke7 37. Qxf4 Nb2 38. Rc7+ Ke6 39. Qf7+ Kd6 40. Qd7+ 1-0

[Event "Manavgat Turkey Cup"]
[Site "Manavgat"]
[Date "2015.02.01"]
[Round "3"]
[White "Bal, Enes Emre"]
[Black "Isik, Esref"]
[Result "1-0"]
[WhiteElo "1875"]
[BlackElo "1752"]
[PlyCount "62"]
[EventDate "2015.01.31"]
[EventType "swiss"]
[EventRounds "11"]
[EventCountry "TUR"]
[SourceTitle "CBM 164 Extra"]
[Source "ChessBase"]
[SourceDate "2015.03.02"]
[SourceVersion "1"]
[SourceVersionDate "2015.03.02"]
[SourceQuality "1"]

1. e4 c5 2. d4 cxd4 3. c3 dxc3 4. Nxc3 Nc6 5. Nf3 d6 6. Bc4 e6 7. 0-0 Be7 8. Qe2 e5 9. h3 Nf6 10. Rd1 0-0 11. Be3 h6 12. Rac1 Be6 13. Bxe6 fxe6 14. Qc4 Qc8 15. Qb3 b6 16. Qa4 Qb7 17. Nb5 d5 18. exd5 exd5 19. Nxe5 Nxe5 20. Rc7 Qb8 21. Rxe7 Ned7 22. Bf4 Qd8 23. Bd6 Ne4 24. Rxe4 dxe4 25. Bxf8 Kxf8 26. Qxe4 a6 27. Nd4 Kg8 28. Qd5+ Kh8 29. Ne6 Qe8 30. Qxd7 Qxd7 31. Rxd7 Rc8 1-0